Love is God (Record no. 235843)

MARC details
000 -LEADER
fixed length control field 00461nam a2200181Ia 4500
008 - FIXED-LENGTH DATA ELEMENTS--GENERAL INFORMATION
fixed length control field 191130s2008##################000#0#eng##
020 ## - INTERNATIONAL STANDARD BOOK NUMBER
ISBN 9788179921548
082 ## - DEWEY DECIMAL CLASSIFICATION NUMBER
Classification number 205.677 EAS
100 ## - MAIN ENTRY--AUTHOR NAME
Personal name Easwaran, Eknath
245 ## - TITLE STATEMENT
Title Love is God
Statement of responsibility, etc Eknath Easwaran
260 ## - PUBLICATION, DISTRIBUTION, ETC. (IMPRINT)
Place of publication Ahmedabad
Name of publisher Jaico
Year of publication c2008
300 ## - PHYSICAL DESCRIPTION
Number of Pages 234 p. ; 18 cm
650 ## - SUBJECT ADDED ENTRY--TOPICAL TERM
Topical Term Religion
991 ## -
-- 80557
Holdings
Withdrawn status Lost status Damaged status Not for loan Home library Current library Shelving location Date acquired Full call number Accession Number Price effective from Koha item type
        Anna Centenary Library Anna Centenary Library 3RD FLOOR, B WING 13.10.2020 205.677 EAS 379898 13.10.2020 Books

Find us on the map